LEADER 02091nam 22003853a 450 001 9910291733503321 005 20211214195616.0 010 $a9783110277739 024 7 $a10.1515/9783110277722 035 $a(CKB)2550000001257771 035 $a(OAPEN)1001717 035 $a(ScCtBLL)dd334124-0dea-4e3b-b7ff-dc770fd6fb32 035 $a(EXLCZ)992550000001257771 100 $a20211214i20172019 uu 101 0 $aeng 135 $auuuuu---auuuu 181 $ctxt$2rdacontent 182 $cc$2rdamedia 183 $acr$2rdacarrier 200 00$aDie Sprache der Judenfeindschaft im 21. Jahrhundert$fJehuda Reinharz, Monika Schwarz-Friesel 210 1$aBerlin :$cDe Gruyter,$d2017. 215 $a1 online resource (456 p.) 311 $a3-11-027773-5 330 $a"Wie artikuliert sich im 21. Jahrhundert judenfeindliches Gedankengut? Und wann ist eine A?ußerung antisemitisch? Mit diesen Fragen bescha?ftigen sich die Sprach- und Kognitionswissenschaftlerin Monika Schwarz-Friesel und der Historiker Jehuda Reinharz anhand einer datenreichen Untersuchung des aktuellen judenfeindlichen Sprachgebrauchs. Die detaillierte Analyse der diversen Manifestationsformen von direktem und indirektem Verbal-Antisemitismus zeigt, welche geistigen Konzepte und emotionalen Ressentiments judeophoben Einstellungen zugrundeliegen. Diese a?ußern sich in uralten Klischees und Verschwo?rungstheorien ebenso wie in neuen, israelbezogenen Stereotypen. Die Studie zeigt, wie Juden als Juden verbal ausgegrenzt und beleidigt, belehrt, ermahnt und bedroht werden, und dass judenfeindliche A?ußerungen von vielen Menschen artikuliert werden, als ha?tte es den Holocaust und seine intensive Aufarbeitung nie gegeben." 606 $aJewish studies$2bicssc 608 $aElectronic books. 615 7$aJewish studies 700 $aReinharz$b Jehuda$0484697 702 $aSchwarz-Friesel$b Monika 801 0$bScCtBLL 801 1$bScCtBLL 906 $aBOOK 912 $a9910291733503321 996 $aDie Sprache der Judenfeindschaft im 21. Jahrhundert$92565928 997 $aUNINA LEADER 04015nam 22008172 450 001 9910132511003321 005 20230125221715.0 010 $a0-7486-9718-7 010 $a0-7486-4576-4 024 7 $a10.1515/9780748645763 035 $a(CKB)3580000000000734 035 $a(EBL)1962209 035 $a(OCoLC)880518476 035 $a(SSID)ssj0001157827 035 $a(PQKBManifestationID)11654696 035 $a(PQKBTitleCode)TC0001157827 035 $a(PQKBWorkID)11227592 035 $a(PQKB)11041691 035 $a(UkCbUP)CR9780748645763 035 $a(StDuBDS)EDZ0000862705 035 $a(MiAaPQ)EBC1962209 035 $a(MiAaPQ)EBC1641596 035 $a(Au-PeEL)EBL1641596 035 $a(OCoLC)872275137 035 $a(OCoLC)1103696874 035 $a(MdBmJHUP)muse73631 035 $a(ScCtBLL)653b2879-7a62-4d93-8278-cbc1215a41d8 035 $a(DE-B1597)614573 035 $a(DE-B1597)9780748645763 035 $a(oapen)https://directory.doabooks.org/handle/20.500.12854/35442 035 $a(OCoLC)1119452002 035 $a(PPN)177980338 035 $a(EXLCZ)993580000000000734 100 $a20140529d2014|||| uy| 0 101 0 $aeng 135 $aur||||||||||| 181 $ctxt$2rdacontent 182 $cc$2rdamedia 183 $acr$2rdacarrier 200 14$aThe ethics of armed conflict $ea cosmopolitan just war theory /$fJohn W. Lango$b[electronic resource] 205 $a1st ed. 210 $cEdinburgh University Press$d2014 210 1$aEdinburgh :$cEdinburgh University Press,$d2014. 215 $a1 online resource (x, 246 pages) $cdigital, PDF file(s) 300 $aTitle from publisher's bibliographic system (viewed on 02 Oct 2015). 311 1 $a0-7486-4575-6 320 $aIncludes bibliographical references (pages 225-238) and index. 327 $a1. Introduction -- 2. Just war theory -- 3. Moral theory -- 4. Theory of action -- 5. Just cause -- 6. Last resort -- 7. Last resort and noncombatant immunity -- 8. Proportionality and authority -- 9. All things considered. 330 $aJust war theory exists to stop armies and countries from using armed force without good cause. But how do we decide whether a use of armed force is just or unjust? In this original book, John W. Lango takes some distinctive approaches to the ethics of armed conflict. 1. A revisionist approach that involves generalising traditional just war principles, so that responsible agents can apply them to all forms of armed conflict. 2. A cosmopolitan approach that features the Security Council. 3. A preventive approach that emphasises alternatives to armed force, including negotiation, nonviolent action and peacekeeping missions. 4. A human rights approach that encompasses not only armed humanitarian intervention but also armed invasion, armed revolution and all other forms of armed conflict. Using these principles, he discusses issues surrounding just cause, last resort, proportionality and noncombatant immunity. He then applies them to hot topics in international conflicts including drone strikes, no-fly zones, moral dilemmas, deterrence, intelligence, legitimate authority, escalation and peace agreements, drawing on real-world case studies from recent conflicts in countries including Afghanistan, Darfur, Libya and South Sudan. 606 $aJust war doctrine 606 $aWar$xMoral and ethical aspects 610 $aPolitical Science 610 $aBurden of proof (law) 610 $aDeontological ethics 610 $aHuman rights 610 $aMilitary 610 $aMorality 610 $aNon-combatant 610 $aUnited Nations 610 $aUnited Nations Security Council 610 $aWar 615 0$aJust war doctrine. 615 0$aWar$xMoral and ethical aspects. 676 $a172.42 700 $aLango$b John W.$0911677 801 0$bUkCbUP 801 1$bUkCbUP 906 $aBOOK 912 $a9910132511003321 996 $aThe ethics of armed conflict$92041528 997 $aUNINA